书目信息 |
| 题名: |
晋商民居
|
|
| 作者: | 朱向东 , 王崇恩 , 王金平 编著 | |
| 分册: | ||
| 出版信息: | 北京 中国建筑工业出版社 2009.03 |
|
| 页数: | 11, 428页 | |
| 开本: | 25cm | |
| 丛书名: | ||
| 单 册: | ||
| 中图分类: | TU241.5 | |
| 科图分类: | ||
| 主题词: | 民居--min ju--简介--山西省 | |
| 电子资源: | ||
| ISBN: | 978-7-112-10757-5 | |
| 000 | 00985nam0 2200265 450 | |
| 001 | 012009831641 | |
| 005 | 20091015140920.01 | |
| 010 | @a978-7-112-10757-5@dCNY49.00 | |
| 100 | @a20091015d2009 em y0chiy0120 ea | |
| 101 | 0 | @achi |
| 102 | @aCN@b110000 | |
| 105 | @aa a 000yy | |
| 106 | @ar | |
| 200 | 1 | @a晋商民居@Ajin shang min ju@f朱向东, 王崇恩, 王金平编著@Fzhu xiang dong,wang chong en,wang jin ping bian zhu |
| 210 | @a北京@c中国建筑工业出版社@d2009.03 | |
| 215 | @a11, 428页@c图@d25cm | |
| 320 | @a有书目 (第424-426页) | |
| 330 | @a本书以晋商聚落中较有代表性的集镇、村落以及聚落民居为对象,通过对这些晋商聚落和民居建筑形态的分析,介绍分析了在商业运营或商贾意识环境影响下山西商人传统的生活住居模式。 | |
| 606 | 0 | @a民居@Amin ju@x简介@y山西省 |
| 690 | @aTU241.5@v4 | |
| 701 | 0 | @a朱向东@Azhu xiang dong@4编著 |
| 701 | 0 | @a王崇恩@Awang chong en@4编著 |
| 701 | 0 | @a王金平@Awang jin ping@4编著 |
| 801 | 0 | @aCN@bQSSK@c20091015 |
| 905 | @b762025-29@dTU241.5@eZ880@f5 | |
| 晋商民居/朱向东, 王崇恩, 王金平编著.-北京:中国建筑工业出版社,2009.03 |
| 11, 428页:图;25cm |
| ISBN 978-7-112-10757-5:CNY49.00 |
| 本书以晋商聚落中较有代表性的集镇、村落以及聚落民居为对象,通过对这些晋商聚落和民居建筑形态的分析,介绍分析了在商业运营或商贾意识环境影响下山西商人传统的生活住居模式。 |
| ● |
| 相关链接 |
|
|
|
正题名:晋商民居
索取号:TU241.5/Z880
 
预约/预借
| 序号 | 登录号 | 条形码 | 馆藏地/架位号 | 状态 | 备注 |
| 1 | 762025 | 207620252 | 建筑库101/101建筑库 66排2列4层/ [索取号:TU241.5/Z880] | 在馆 | |
| 2 | 762026 | 207620261 | 建筑库101/101建筑库 66排2列4层/ [索取号:TU241.5/Z880] | 在馆 | |
| 3 | 762027 | 207620270 | 建筑库101/101建筑库 66排2列4层/ [索取号:TU241.5/Z880] | 在馆 | |
| 4 | 762028 | 207620289 | 建筑库101/101建筑库 66排2列4层/ [索取号:TU241.5/Z880] | 在馆 | |
| 5 | 762029 | 207620298 | 建筑库101/101建筑库 66排2列4层/ [索取号:TU241.5/Z880] | 在馆 |